00744cam a2200217 a 450000100100000000500170001000800410002701000130006802000150008102000220009604000250011808200160014310000360015924500840019526000570027930000260033649000310036250400730039370000290046683000310049500000665020200929153950.0860416s1973 ve b 000 0 spa  a83197631 a8466000615 a8466000607 (pbk.) aDO-SdBNPbspacBNPHU axxxxbC972s1 aCunha, Euclides da,d1866-1909.14aLos sertones /cEuclides da Cunha ; prologo, notas y cronologia, Glauber Rocha. aCaracas, Venezuela :bCasa de Las Américas,c1973. axiv, 747 p. ;c19 cm.1 aLiteratura Latinoamericana aIncluye referencias bibliográficas y notas al pie de las páginas1 aRocha, Glauber,epról. 0aLiteratura Latinoamericana